UK industrial property trends today (Record no. 84115)

MARC details
000 -LEADER
fixed length control field 01359cad a22002175a 4500
001 - CONTROL NUMBER
control field L156678
008 - FIXED-LENGTH DATA ELEMENTS--GENERAL INFORMATION
fixed length control field 120702s2012 xxk 000 0 eng d
035 ## - SYSTEM CONTROL NUMBER
System control number (Sirsi) u156678
041 0# - LANGUAGE CODE
Language code of text/sound track or separate title eng
110 2# - MAIN ENTRY--CORPORATE NAME
Corporate name or jurisdiction name as entry element Jones Lang LaSalle
9 (RLIN) 3755
245 00 - TITLE STATEMENT
Title UK industrial property trends today
Remainder of title June 2012
260 ## - PUBLICATION, DISTRIBUTION, ETC.
Place of publication, distribution, etc. London
Name of publisher, distributor, etc. JLL
Date of publication, distribution, etc. 2012
490 #0 - SERIES STATEMENT
Series statement Jones Lang LaSalle UK Property Trends Today
Volume/sequential designation June 2012
520 ## - SUMMARY, ETC.
Summary, etc. Occupier demand for industrial property remains fragile: total industrial and logistics take-up fell in Q1 2012 compared with Q4 2011 and a year earlier. Take-up in 2012 will be less than 2011. Availability has also edged lower: total industrial and logistics supply was 0.6% lower at the end of March 2012 than six months earlier. Speculative industrial development remains very modest. Investor demand is focused on London and the South East.
520 ## - SUMMARY, ETC.
Summary, etc. Introduction and overview -- Greater London -- South East -- East Anglia -- South West -- WestMidlands -- East Midlands -- North West -- Yorkshire and Humberside -- North East -- Scotland -- Wales -- UK investment market performance.
590 ## - LOCAL NOTE (RLIN)
Local note KA NTK
651 #4 - SUBJECT ADDED ENTRY--GEOGRAPHIC NAME
Geographic name United Kingdom
690 ## - LOCAL SUBJECT ADDED ENTRY--TOPICAL TERM (OCLC, RLIN)
Topical term or geographic name as entry element Commercial property
9 (RLIN) 6227
856 40 - ELECTRONIC LOCATION AND ACCESS
Uniform Resource Identifier <a href="https://www.joneslanglasalle.co.uk/UnitedKingdom/EN-GB/Pages/ResearchFilter.aspx">https://www.joneslanglasalle.co.uk/UnitedKingdom/EN-GB/Pages/ResearchFilter.aspx</a>
Public note View the report at www.joneslanglasalle.co.uk
942 ## - ADDED ENTRY ELEMENTS (KOHA)
Suppress in OPAC 0
Holdings
Withdrawn status Lost status Source of classification or shelving scheme Damaged status Not for loan Home library Current library Shelving location Date acquired Total Checkouts Full call number Barcode Date last seen Copy number Price effective from Koha item type
    Dewey Decimal Classification     Virtual Virtual Online 22/06/2012   ONLINE PUBLICATION 156678-2001 06/08/2019 1 06/08/2019 Book